Abnormal psychology (Record no. 134529)

MARC details
000 -LEADER
fixed length control field 00635nam a22002177a 4500
003 - CONTROL NUMBER IDENTIFIER
control field OSt
005 - DATE AND TIME OF LATEST TRANSACTION
control field 20220805060823.0
008 - FIXED-LENGTH DATA ELEMENTS--GENERAL INFORMATION
fixed length control field 220801b |||||||| |||| 00| 0 eng d
020 ## - INTERNATIONAL STANDARD BOOK NUMBER
International Standard Book Number 9781319382971
040 ## - CATALOGING SOURCE
Transcribing agency SBCL
082 ## - DEWEY DECIMAL CLASSIFICATION NUMBER
Classification number 616.89
Item number COM-A
100 ## - MAIN ENTRY--PERSONAL NAME
Personal name Comer, Ronald J
-- Comer, Jonathan S
245 ## - TITLE STATEMENT
Title Abnormal psychology
250 ## - EDITION STATEMENT
Edition statement 11
260 ## - PUBLICATION, DISTRIBUTION, ETC.
Place of publication, distribution, etc. New York
Name of publisher, distributor, etc. Macmillan
Date of publication, distribution, etc. 2021
300 ## - PHYSICAL DESCRIPTION
Extent 585p.
-- Glossary, index
500 ## - GENERAL NOTE
General note Pd. A/c. Fund.
630 ## - SUBJECT ADDED ENTRY--UNIFORM TITLE
General subdivision GENERAL STACK
650 ## - SUBJECT ADDED ENTRY--TOPICAL TERM
Topical term or geographic name entry element Mental disorders
942 ## - ADDED ENTRY ELEMENTS (KOHA)
Koha item type BOOK
650 ## - SUBJECT ADDED ENTRY--TOPICAL TERM
Source of heading or term Abnormal psychology
Form subdivision Psychology
General subdivision Abnormal psychology
-- Diseases
-- Medicine and health
-- Technology
Holdings
Withdrawn status Lost status Source of classification or shelving scheme Damaged status Not for loan Home library Current library Date acquired Cost, normal purchase price Full call number Barcode Shelving location Date last seen Price effective from Koha item type
    Dewey Decimal Classification     SB LIBRARY SB LIBRARY 01/08/2022 5756.00 616.89 COM-A 141914 POST GRADUATE REFERENCE 01/08/2022 01/08/2022 BOOK

Powered by Koha